Mưu hèn kế bẩn nơi ở công sở và cách thức đánh bại chúng

Đã lưu trong:
书目详细资料
主要作者: Đặng, Ly
格式: 图书
语言:Undetermined
出版: Hà Nội Lao động Xã hội 2013
主题:
标签: 添加标签
没有标签, 成为第一个标记此记录!
Thư viện lưu trữ: Trung tâm Học liệu Trường Đại học Cần Thơ
LEADER 00603nam a2200181Ia 4500
001 CTU_180781
008 210402s9999 xx 000 0 und d
020 |c 59000 
082 |a 158.2 
082 |b L600 
100 |a Đặng, Ly 
245 0 |a Mưu hèn kế bẩn nơi ở công sở và cách thức đánh bại chúng 
245 0 |c Đặng Ly, Phan Hạnh (chủ biên) 
260 |a Hà Nội 
260 |b Lao động Xã hội 
260 |c 2013 
650 |a Applied psychology,Tâm lý ứng dụng 
980 |a Trung tâm Học liệu Trường Đại học Cần Thơ